<?xml version="1.0" encoding="UTF-8"?>
<record
    xmlns:xsi="http://www.w3.org/2001/XMLSchema-instance"
    xsi:schemaLocation="http://www.loc.gov/MARC21/slim http://www.loc.gov/standards/marcxml/schema/MARC21slim.xsd"
    xmlns="http://www.loc.gov/MARC21/slim">

  <leader>01261    a2200253   4500</leader>
  <controlfield tag="003">NALT</controlfield>
  <controlfield tag="005">20260112112254.0</controlfield>
  <controlfield tag="008">210325b        th ||||| |||| 00| 0 tha d</controlfield>
  <datafield tag="020" ind1=" " ind2=" ">
    <subfield code="a">9786162699023</subfield>
  </datafield>
  <datafield tag="040" ind1=" " ind2=" ">
    <subfield code="a">NALT</subfield>
  </datafield>
  <datafield tag="090" ind1=" " ind2=" ">
    <subfield code="a">KK 46.5</subfield>
    <subfield code="b">&#xE01;975&#xE2D; 2563</subfield>
  </datafield>
  <datafield tag="100" ind1="0" ind2=" ">
    <subfield code="a">&#xE44;&#xE01;&#xE23;&#xE08;&#xE31;&#xE01;&#xE23; &#xE18;&#xE35;&#xE23;&#xE15;&#xE22;&#xE32;&#xE04;&#xE35;&#xE19;&#xE31;&#xE19;&#xE17;&#xE4C;</subfield>
    <subfield code="9">53490</subfield>
  </datafield>
  <datafield tag="245" ind1="1" ind2="0">
    <subfield code="a">&#xE2D;&#xE07;&#xE04;&#xE4C;&#xE01;&#xE32;&#xE23;&#xE01;&#xE32;&#xE23;&#xE04;&#xE49;&#xE32;&#xE42;&#xE25;&#xE01;&#xE01;&#xE31;&#xE1A;&#xE01;&#xE32;&#xE23;&#xE04;&#xE49;&#xE32;&#xE1A;&#xE23;&#xE34;&#xE01;&#xE32;&#xE23;&#xE23;&#xE30;&#xE2B;&#xE27;&#xE48;&#xE32;&#xE07;&#xE1B;&#xE23;&#xE30;&#xE40;&#xE17;&#xE28; /</subfield>
    <subfield code="c">&#xE44;&#xE01;&#xE23;&#xE08;&#xE31;&#xE01;&#xE23; &#xE18;&#xE35;&#xE23;&#xE15;&#xE22;&#xE32;&#xE04;&#xE35;&#xE19;&#xE31;&#xE19;&#xE17;&#xE4C;, &#xE28;&#xE31;&#xE01;&#xE14;&#xE32; &#xE18;&#xE19;&#xE34;&#xE15;&#xE01;&#xE38;&#xE25;.</subfield>
  </datafield>
  <datafield tag="250" ind1=" " ind2=" ">
    <subfield code="a">&#xE1E;&#xE34;&#xE21;&#xE1E;&#xE4C;&#xE04;&#xE23;&#xE31;&#xE49;&#xE07;&#xE17;&#xE35;&#xE48; 1</subfield>
  </datafield>
  <datafield tag="260" ind1=" " ind2=" ">
    <subfield code="a">&#xE01;&#xE23;&#xE38;&#xE07;&#xE40;&#xE17;&#xE1E; :</subfield>
    <subfield code="b">&#xE27;&#xE34;&#xE0D;&#xE0D;&#xE39;&#xE0A;&#xE19;,</subfield>
    <subfield code="c">2563.</subfield>
  </datafield>
  <datafield tag="300" ind1=" " ind2=" ">
    <subfield code="a">190 &#xE2B;&#xE19;&#xE49;&#xE32; :</subfield>
    <subfield code="b">&#xE15;&#xE32;&#xE23;&#xE32;&#xE07; ;</subfield>
    <subfield code="c">26 &#xE0B;&#xE21;.</subfield>
  </datafield>
  <datafield tag="610" ind1="2" ind2="4">
    <subfield code="9">19022</subfield>
    <subfield code="a">&#xE2D;&#xE07;&#xE04;&#xE4C;&#xE01;&#xE32;&#xE23;&#xE01;&#xE32;&#xE23;&#xE04;&#xE49;&#xE32;&#xE42;&#xE25;&#xE01;</subfield>
  </datafield>
  <datafield tag="650" ind1=" " ind2="4">
    <subfield code="9">9659</subfield>
    <subfield code="a">&#xE01;&#xE32;&#xE23;&#xE04;&#xE49;&#xE32;&#xE23;&#xE30;&#xE2B;&#xE27;&#xE48;&#xE32;&#xE07;&#xE1B;&#xE23;&#xE30;&#xE40;&#xE17;&#xE28;</subfield>
  </datafield>
  <datafield tag="650" ind1=" " ind2="4">
    <subfield code="9">48678</subfield>
    <subfield code="a">&#xE18;&#xE38;&#xE23;&#xE01;&#xE34;&#xE08;&#xE02;&#xE2D;&#xE07;&#xE04;&#xE19;&#xE15;&#xE48;&#xE32;&#xE07;&#xE14;&#xE49;&#xE32;&#xE27;</subfield>
  </datafield>
  <datafield tag="700" ind1="0" ind2=" ">
    <subfield code="9">305</subfield>
    <subfield code="a">&#xE28;&#xE31;&#xE01;&#xE14;&#xE32; &#xE18;&#xE19;&#xE34;&#xE15;&#xE01;&#xE38;&#xE25;</subfield>
  </datafield>
  <datafield tag="850" ind1=" " ind2=" ">
    <subfield code="a">NALT</subfield>
  </datafield>
  <datafield tag="942" ind1=" " ind2=" ">
    <subfield code="2">local</subfield>
    <subfield code="c">LB</subfield>
  </datafield>
  <datafield tag="998" ind1=" " ind2=" ">
    <subfield code="c">103</subfield>
    <subfield code="j">111</subfield>
    <subfield code="k"> &#xE19;&#xE32;&#xE07;&#xE2A;&#xE32;&#xE27;&#xE1E;&#xE08;&#xE1E;&#xE34;&#xE13;  &#xE1E;&#xE23;&#xE21;&#xE40;&#xE2D;&#xE35;&#xE48;&#xE22;&#xE21;</subfield>
  </datafield>
  <datafield tag="999" ind1=" " ind2=" ">
    <subfield code="c">97921</subfield>
    <subfield code="d">97921</subfield>
  </datafield>
  <datafield tag="952" ind1=" " ind2=" ">
    <subfield code="0">0</subfield>
    <subfield code="1">0</subfield>
    <subfield code="2">local</subfield>
    <subfield code="4">0</subfield>
    <subfield code="7">0</subfield>
    <subfield code="8">CLAW</subfield>
    <subfield code="a">NALT</subfield>
    <subfield code="b">NALT</subfield>
    <subfield code="c">LAW</subfield>
    <subfield code="d">2021-04-05</subfield>
    <subfield code="e">23</subfield>
    <subfield code="o">KK 46.5 &#xE01;975&#xE2D; 2563</subfield>
    <subfield code="p">3961211978</subfield>
    <subfield code="r">2021-10-20 00:00:00</subfield>
    <subfield code="t">&#xE09;.1</subfield>
    <subfield code="w">2021-04-05</subfield>
    <subfield code="y">LB</subfield>
  </datafield>
  <datafield tag="952" ind1=" " ind2=" ">
    <subfield code="0">0</subfield>
    <subfield code="1">0</subfield>
    <subfield code="2">local</subfield>
    <subfield code="4">0</subfield>
    <subfield code="7">0</subfield>
    <subfield code="8">CLAW</subfield>
    <subfield code="a">NALT</subfield>
    <subfield code="b">NALT</subfield>
    <subfield code="c">LAW</subfield>
    <subfield code="d">2021-04-05</subfield>
    <subfield code="e">23</subfield>
    <subfield code="l">2</subfield>
    <subfield code="m">2</subfield>
    <subfield code="o">KK 46.5 &#xE01;975&#xE2D; 2563</subfield>
    <subfield code="p">3961211979</subfield>
    <subfield code="r">2026-01-26 00:00:00</subfield>
    <subfield code="s">2026-01-12</subfield>
    <subfield code="t">&#xE09;.2</subfield>
    <subfield code="w">2021-04-05</subfield>
    <subfield code="y">LB</subfield>
  </datafield>
</record>
